000 00221 a2200097 4500
245 _aSelected Poems
_hText
100 _aRobert Lowell
650 _aPOETRY
005 20191021095748.0
260 _aGreat Britain
_bFaber and Faber
_c1965
084 _aNONE
999 _c12645
_d12645